| 000 | 00414nam a2200169Ia 4500 | ||
|---|---|---|---|
| 003 | OSt | ||
| 005 | 20260323100246.0 | ||
| 008 | 211028s2018 xx 000 0 und d | ||
| 040 | _cAIMIT LIBRARY | ||
| 041 | _aeng | ||
| 100 |
_aPaul A, John; Vanitha, T. _g161829 _95175 |
||
| 110 |
_aVanitha T _95176 |
||
| 245 | _aTaxina / | ||
| 260 |
_aMangalore _c2018 |
||
| 710 |
_aSHC Technologies _95177 |
||
| 942 |
_2ddc _cPRO |
||
| 999 |
_c217818 _d217818 |
||